Central Library OPAC University of Rajshahi

Brahma-knowledge : (Record no. 31315)

MARC details
000 -LEADER
fixed length control field 01088cam a2200301K 4500
001 - CONTROL NUMBER
control field 31315
003 - CONTROL NUMBER IDENTIFIER
rucl marc code BD-RjUL
005 - DATE AND TIME OF LATEST TRANSACTION
control field 20211209051703.0
008 - FIXED-LENGTH DATA ELEMENTS--GENERAL INFORMATION
fixed length control field 140415s1907 enk ob o00 0 eng d
035 ## - SYSTEM CONTROL NUMBER
System control number BD-RjUL)31402
System control number (OCoLC)680944949
040 ## - CATALOGING SOURCE
Original cataloging agency OCLCE
Language of cataloging eng
Transcribing agency OCLCE
Modifying agency BD-RjUL
041 ## - LANGUAGE CODE
Language code of text/sound track or separate title eng
082 04 - DEWEY DECIMAL CLASSIFICATION NUMBER
Classification number 293.276
Author mark and year BAB 1907
100 1# - MAIN ENTRY--PERSONAL NAME
Personal name Barnett, Lionel D.
Fuller form of name (Lionel David),
Dates associated with a name 1871-1960.
9 (RLIN) 70644
245 10 - TITLE STATEMENT
Title Brahma-knowledge :
Remainder of title an outline of the philosophy of the Vedanta, as set forth by the Upanishads and by Sankara /.
Statement of responsibility, etc. By L.D. Barnett.
260 ## - PUBLICATION, DISTRIBUTION, ETC. (IMPRINT)
Place of publication, distribution, etc. London :
Name of publisher, distributor, etc. J. Murray,
Date of publication, distribution, etc. 1907.
300 ## - PHYSICAL DESCRIPTION
Pagination 113 p.
Size 17 cm.
490 0# - SERIES STATEMENT
Series statement The wisdom of the East series
500 ## - GENERAL NOTE
General note Series title also at head of t.p.
504 ## - BIBLIOGRAPHY, ETC. NOTE
Bibliography, etc Bibliography: p. 112-113.
506 ## - RESTRICTIONS ON ACCESS NOTE
Materials specified Use copy
Standardized terminology for access restriction Restrictions unspecified
Source of term star
Institution to which field applies MiAaHDL
650 #0 - SUBJECT ADDED ENTRY--TOPICAL TERM
Topical term or geographic name as entry element Hindu philosophy.
9 (RLIN) 5119
776 1# - ADDITIONAL PHYSICAL FORM ENTRY
Qualifying information Original
Record control number (DLC)w 10000093
-- (OCoLC)4479099
856 40 - ELECTRONIC LOCATION AND ACCESS
Materials specified HathiTrust Digital Library
Uniform Resource Identifier <a href="http://catalog.hathitrust.org/api/volumes/oclc/4479099.html">http://catalog.hathitrust.org/api/volumes/oclc/4479099.html</a>
942 ## - ADDED ENTRY ELEMENTS (KOHA)
Source of classification or shelving scheme Dewey Decimal Classification
Koha item type Books
Holdings
Lost status Source of classification or shelving scheme Damaged status Not for loan Collection code Permanent Location Current Location Shelving location Date acquired Source of acquisition Total Checkouts Full call number Date last seen Copy number Koha item type
  Dewey Decimal Classification   Not For Loan Non-fiction Central Library, University of Rajshahi Central Library, University of Rajshahi Reading Room 18/01/1958 Spanding Trutst Gift   293.276 BAB 1907 15/04/2014 C-1 Books